00871nam a2200241 a 4500001001000000003000900010005001700019008004100036040003000077082002400107100003100131245005300162250001200215260004400227300003700271590002600308651004400334651006100378910003700439942001400476952012200490999001700612000038901DO-SdBNP20251203105624.0130502s1971 dr ac 000 0 spa d aDO-SdBNPbspacBNPHUdrda a972.93bG491h, 19711 aGimbernard, Jacinto95376210aHistoria de Santo Domingo /cJacinto Gimbernard. a3a. ed. aSanto Domingo :bOffset Sardá,c1971. a602 p. :bils., retrs. ;c22 cm. aInventariado, 2020/VM 0aRepública DominicanaxHistoria978065 4a Santo Domingo (República Dominicana)xHistoria985361 aValidado. Control de calidad MFF 2ddccLBS1 0010718PDaPDbPDcHDd2013-05-02iLF1l0o972.93 G491h, 1971p38901-10r2020-06-25w2020-06-25yLFPDZNo se presta c38391d38391